Policy of consumer protection (CP) in India: Effectiveness of CP act 1986 and prospects of CP bill 2015 (Record no. 528268)

000 -LEADER
fixed length control field 00995nam a22001577a 4500
008 - FIXED-LENGTH DATA ELEMENTS--GENERAL INFORMATION
fixed length control field 241125b ||||| |||| 00| 0 eng d
100 ## - MAIN ENTRY--PERSONAL NAME
Personal name Misra, Suresh and Chadah, Sapna
245 ## - TITLE STATEMENT
Title Policy of consumer protection (CP) in India: Effectiveness of CP act 1986 and prospects of CP bill 2015
260 ## - PUBLICATION, DISTRIBUTION, ETC. (IMPRINT)
Place of publication, distribution, etc Bihar Journal of Public Administration
300 ## - PHYSICAL DESCRIPTION
Extent 14(2), Jul-Dec, 2017: p.26-41
520 ## - SUMMARY, ETC.
Summary, etc Rapid technological change and its impact on consumer behavior is taking place within an increasingly liberalized market place in which the global derive to compete brings new challenges to both existing and nascent regulatory authorities. Consumer needs and expectations very according to the availably, accessibility and affordability of goods and services. – Reproduced
650 ## - SUBJECT ADDED ENTRY--TOPICAL TERM
Topical term or geographic name as entry element Consumer-production, Consumer-laws, Consumer-rights, Stallholders, Redressed, Market .
9 (RLIN) 49064
773 ## - HOST ITEM ENTRY
Main entry heading Bihar Journal of Public Administration
906 ## - LOCAL DATA ELEMENT F, LDF (RLIN)
Subject DIP CONSUMERS
942 ## - ADDED ENTRY ELEMENTS (KOHA)
Item type Articles
Holdings
Withdrawn status Lost status Source of classification or shelving scheme Damaged status Not for loan Permanent location Current location Date acquired Serial Enumeration / chronology Barcode Date last seen Koha item type
          Indian Institute of Public Administration Indian Institute of Public Administration 2024-11-25 14(2), Jul-Dec, 2017: p.26-41 AR133652 2024-11-25 Articles

Powered by Koha